Baleines et cétacés - Statistiques

Statistiques générales
  • Ce quiz a été pris 708 fois
  • Le résultat moyen est 8 sur 14
Statistiques - réponses
Par images Hint Réponse % Correct
Pour les amateurs de chocolat blanc... Grand dauphin
98%
Sauvez Willie ! Orque (épaulard)
98%
Espion ? Beluga (baleine blanche)
94%
Chameau de la mer ? Baleine à bosse (rorqual)
89%
Combat les calamars géants Grand cachalot
88%
Couleur de ciel... Baleine bleue
85%
Ne pas confondre avec l'espadon... Narval
73%
Couleur de nuages... Baleine grise
57%
Synonyme de marin Marsouin
56%
Vit en eau douce Boto (dauphin rose de l'amazone)
43%
Grosse tête ronde Globicéphale
24%
Ne pas confondre avec un moineau... Baleine à bec (Bérardie de Baird)
11%
Trouvé dans la Tamise en 2006 ! Hypérodon
2%
Lui aussi... Dauphin de la Plata
1%
Aucun quiz correspondant
Distribution des résultats
% des personnes avec chaque résultat
Percentile par nombre de réponses
Votre historique - résultats
Vous n’avez pas pris ce quiz